000 00682nam a2200289Ia 4500
005 20260324115818.0
008 008 260324s9999 xx 000 0 eng d
020 _a9781003444688
037 _aEBOOK
040 _aCRL
040 _beng
040 _cCRL
041 _2eng
041 _aeng
084 _qCRL
100 _aBrent D. Ruben
_9906666
245 0 _aExcellence in Higher Education
245 0 _bWorkbook and Scoring Instructions
260 _bTaylor and Francis
260 _c2016
365 _a
365 _b110
856 _uhttp://www.taylorfrancis.com/books/9781003444688
942 _cEBOOK
999 _c1747250
_d1747250